Countries with the Highest GDP per Capita - Statistics

General Stats
  • This quiz has been taken 108 times
  • The average score is 20 of 25
Answer Stats
Number Country % Correct
59,495 $ United States
96%
109,192 $ Luxembourg
89%
70,590 $ Norway
89%
48,141 $ Canada
88%
61,360 $ Switzerland
88%
44,050 $ Finland
87%
51,264 $ Sweden
87%
50,206 $ Germany
86%
124,927 $ Qatar
86%
49,247 $ Austria
84%
69,669 $ Kuwait
84%
90,531 $ Singapore
84%
49,882 $ Australia
82%
72,632 $ Ireland
82%
68,245 $ United Arab Emirates
81%
52,150 $ Iceland
80%
46,301 $ Belgium
79%
49,613 $ Denmark
79%
53,582 $ Netherlands
79%
55,263 $ Saudi Arabia
77%
51,846 $ Bahrain
76%
76,743 $ Brunei
67%
49,827 $ Taiwan
67%
45,464 $ Oman
65%
60,359 $ San Marino
59%
No matching quizzes found
Score Distribution
Percent of People with Each Score
Percentile by Number Answered
Your Score History
You have not taken this quiz